Alle Harry Potter Soundtracks - Statistiken

Allgemein
  • Dieses Quiz wurde 33 mal gespielt
  • Das Durchschnittsergebnis liegt bei 29 aus 181
Antwortstatistiken
Harry Potter and the Philosopher's Stone % Korrekt
Hedwig's Theme
81%
Lily's Theme
44%
Professor Umbridge
38%
When Ginny Kissed Harry
38%
Buckbeak's Flight
31%
Christmas at Hogwarts
31%
Double Trouble
31%
Fireworks
31%
Harry in Winter
31%
Harry's Wondrous World
31%
Leaving Hogwarts
31%
Neville
31%
Neville's Waltz
31%
Severus and Lily
31%
Statues
31%
The Arrival of Baby Harry
31%
A Window to the Past
25%
Dragon Flight
25%
Dumbledore's Army
25%
Dumbledore's Farewell
25%
Fawkes the Phoenix
25%
Harry & Hermione
25%
Hogwarts' Hymn
25%
Hogwarts' March
25%
In Noctem
25%
Mr. Longbottom Flies
25%
Obliviate
25%
Reunion of Friends
25%
Rita Skeeter
25%
The Chess Game
25%
The Friends
25%
The Knight Bus
25%
The Quidditch World Cup
25%
Voldemort
25%
Another Story
19%
Another Year Ends
19%
Bathilda Bagshot
19%
Courtyard Apocalypse
19%
Death Eaters
19%
Death of Cedric
19%
Death of Sirius
19%
Diagon Alley and the Gringotts Vault
19%
Dobby
19%
Dobby the House Elf
19%
Dumbledore's Speech
19%
Farewell Aragog
19%
Fawkes Is Reborn
19%
Finale
19%
Fluffy's Harp
19%
Foreign Visitors Arrive
19%
Gilderoy Lockhart
19%
Golden Egg
19%
Gringotts
19%
Hogwarts Forever! and the Moving Stairs
19%
Inferi in the Firestorm
19%
Knockturn Alley
19%
Ministry of Magic
19%
Mischief Managed!
19%
Moaning Myrtle
19%
Neville the Hero
19%
Opening
19%
Polyjuice Potion
19%
Potter Waltz
19%
Sky Battle
19%
Snape's Demise
19%
The Chamber of Secrets
19%
The Elder Wand
19%
The Goblet of Fire
19%
The Killing Of Dumbledore
19%
The Maze
19%
The Ministry of Magic
19%
The Quidditch Match
19%
The Slug Party
19%
The Spiders
19%
Voldemort's End
19%
Wizard Wheezes
19%
A Journey to Hogwarts
13%
A New Beginning
13%
At The Burrow
13%
Aunt Marge's Waltz
13%
Cakes for Crabbe and Goyle
13%
Cornish Pixies
13%
Detonators
13%
Do the Hippogriff
13%
Dueling the Basilisk
13%
Dumbledore's Foreboding
13%
Entry into the Great Hall and the Banquet
13%
Farewell to Dobby
13%
Flight of the Order of the Phoenix
13%
Forward to Time Past
13%
Frank Dies
13%
Ginny
13%
Godric's Hollow Graveyard
13%
Hagrid the Professor
13%
Harry and Ginny
13%
Harry Surrenders
13%
Into The Rushes
13%
Introducing Colin
13%
Living Death
13%
Lumos! (Hedwig's Theme)
13%
Magic Works
13%
Malfoy's Mission
13%
Meeting Aragog
13%
Monster Books and Boggarts!
13%
Of Love & War
13%
Panic Inside Hogwarts
13%
Possession
13%
Procession
13%
Prologue
13%
Quidditch, Third Year
13%
Ron Leaves
13%
Ron's Speech
13%
Ron's Victory
13%
School!
13%
Secrets of the Castle
13%
Sirius Fire
13%
Slughorn's Confession
13%
The Black Lake
13%
The Book
13%
The Deathly Hallows
13%
The Dementors Converge
13%
The Diadem
13%
The Drink Of Despair
13%
The Dueling Club
13%
The Face of Voldemort
13%
The Flying Car
13%
The Grey Lady
13%
The Hall of Prophecies
13%
The Locket
13%
The Portrait Gallery
13%
The Room of Requirements
13%
The Story Continues
13%
The Weasley Stomp
13%
The Werewolf Scene
13%
The Will
13%
Umbridge Spoils a Beautiful Morning
13%
Underwater Secrets
13%
Underworld
13%
Visit to the Zoo and Letters from Hogwarts
13%
A New Headmaster
6%
Apparition on the Train
6%
Battlefield
6%
Broomsticks and Fire
6%
Captured and Tortured
6%
Darkness Takes Over
6%
Dementors in the Underpass
6%
Destroying the Locket
6%
Fireplaces Escape
6%
Harry Sees Dragons
6%
Harry's Sacrifice
6%
Hermione's Parents
6%
In the Chamber of Secrets
6%
In the Devil's Snare and the Flying Keys
6%
Into The Pensieve
6%
Journey To The Cave
6%
Loved Ones and Leaving
6%
Lovegood
6%
Lupin's Transformation and Chasing Scabbers
6%
Meeting Tom Riddle
6%
Platform Nine-and-Three-Quarters and the Journey to Hogwarts
6%
Prologue: Book II and the Escape from the Dursleys
6%
Rescuing Hermione
6%
Saving Buckbeak
6%
Showdown
6%
Snape & The Unbreakable Vow
6%
Snape to Malfoy Manor
6%
The Dark Mark
6%
The Exodus
6%
The Invisibility Cloak and the Library Scene
6%
The Kiss
6%
The Norwegian Ridgeback and a Change of Season
6%
The Patronus Light
6%
The Resurrection Stone
6%
The Sacking of Trelawney
6%
The Sirius Deception
6%
The Story Begins
6%
The Tunnel
6%
The Whomping Willow and the Snowball Fight
6%
This Is the Night
6%
Keine übereinstimmenden Quizze gefunden
Verteilung der Resultate
Anzahl Personen mit jedem Resultat
Perzentil nach korrekt beantworteten Fragen
Ihre Resultats-Entwicklung
Sie haben dieses Quiz noch nicht gespielt